01667nam a2200409Ia 4500001001200000003000800012006001900020007001500039008004100054010001700095020002800112020003500140020001800175020002600193040002100219035002100240041001300261050002400274082001700298100003700315240002700352245026200379260004200641300001700683440004300700504006400743533015200807650002100959650001900980650001700999655002901016700002501045700002701070710001701097856012601114999001701240ebr10629266CaPaEBRm u cr cn|||||||||010312s2002 inu sb 001 0 eng d z 2001029377 z0865973199 (alk. paper) z0865973202 (pbk. : alk. paper) z9780865973206 z9781614877875 (ebook) aCaPaEBRcCaPaEBR a(OCoLC)8266601731 aenghlat14aK457.C37bA2 2002eb04a340/.1122211 aCarmichael, Gershom,d1672-1729.10aWorks.lEnglish.f200210aNatural rights on the threshold of the Scottish enlightenmenth[electronic resource] :bthe writings of Gershom Carmichael /cedited by James Moore and Michael Silverthorne ; texts translated from the Latin by Michael Silverthorne ; foreword by James Moore. aIndianapolis :bLiberty Fund,cc2002. axvii, 405 p. 0aNatural law and enlightenment classics aIncludes bibliographical references (p. 389-396) and index. aElectronic reproduction.bPalo Alto, Calif. :cebrary,d2011.nAvailable via World Wide Web.nAccess may be limited to ebrary affiliated libraries. 0aLawxPhilosophy. 0aLawzScotland. 0aNatural law. 7aElectronic books.2local1 aMoore, James,d1934-1 aSilverthorne, Michael.2 aebrary, Inc.40uhttp://site.ebrary.com/lib/rucke/Doc?id=10629266zAn electronic book accessible through the World Wide Web; click to view c72673d72673